Construyendo la calidad en los ejercicios de prospectiva y vigilancia tecnológica /

Aquí se proponen criterios y requisitos metodológicos de calidad para ejercicios de prospectiva tecnológica, educativa y social en Colombia.

Gespeichert in:
Bibliographische Detailangaben
Weitere Verfasser: Leal Cardozo, Leonel (compilación) (compilación)
Format: Buch
Sprache:Spanisch
Veröffentlicht: Cali, Colombia : Universidad del Valle, 2013, c2013
Schriftenreihe:(Ciencias Sociales Universidad del Valle)
Schlagworte:
Tags: Tag hinzufügen
Keine Tags, Fügen Sie das erste Tag hinzu!

MARC

LEADER 00000nam^a2200000^a^4500
001 000391278
005 20250521000000.0
009 20260310121210.436
020 |a 978-958-765-118-8 
037 |a Acervo ITESO - Biblioteca 
041 |a ESP 
082 |a 303. 49861  |b CON 
245 0 0 |a Construyendo la calidad en los ejercicios de prospectiva y vigilancia tecnológica /  |c Comp. de L. Leal Cardozo... [et al.]. 
264 4 |a Cali, Colombia :  |b Universidad del Valle,  |c 2013, c2013 
300 |a 354 p. 
336 |a texto  |b txt  |2 rdacontenido 
337 |a sin mediación  |b n  |2 rdamedio 
338 |a volumen  |b nc  |2 rdasoporte 
440 1 |a (Ciencias Sociales Universidad del Valle) 
520 |a Aquí se proponen criterios y requisitos metodológicos de calidad para ejercicios de prospectiva tecnológica, educativa y social en Colombia. 
649 |a XX 
650 |a Normalización y Certificación -  |z Colombia -  |x Tema Principal 
650 |a Prospectiva -  |x Metodología -  |x Tema Principal 
650 |a Prospectiva -  |x Colombia -  |x Tema Principal 
650 |a Modelos Predictivos 
650 |a Desarrollo Tecnológico -  |z Colombia 
650 |a Desarrollo Económico-Social -  |z Colombia 
650 |a Colombia -  |x Condiciones Sociales y Culturales 
700 |a Leal Cardozo, Leonel  |e (compilación) 
910 |a Fondo General 
920 |a Impresos - Libros 
930 |a Colección General 
905 |a 101 
901 |a 0500285939  |b IT1  |c ACC  |i C153765  |u 20250521 
902 |a https://opac.biblio.iteso.mx/vufind/Record/000391278